Neighborhood Tokyo / (Record no. 30430)
[ view plain ]
| 000 -LEADER | |
|---|---|
| fixed length control field | 01502namaa2200421 i 4500 |
| 001 - CONTROL NUMBER | |
| control field | 15556909 |
| 003 - CONTROL NUMBER IDENTIFIER | |
| control field | EG-ScBUE |
| 005 - DATE AND TIME OF LATEST TRANSACTION | |
| control field | 20230521104735.0 |
| 008 - FIXED-LENGTH DATA ELEMENTS--GENERAL INFORMATION | |
| fixed length control field | 170721t1989 ja abf f b 001 0 eng d |
| 020 ## - INTERNATIONAL STANDARD BOOK NUMBER | |
| International Standard Book Number | 4770014961 |
| 035 ## - SYSTEM CONTROL NUMBER | |
| System control number | (dli)HEB33207 |
| 040 ## - CATALOGING SOURCE | |
| Original cataloging agency | MiU |
| Language of cataloging | eng |
| Description conventions | rda |
| Transcribing agency | MiU |
| Modifying agency | EG-ScBUE |
| 043 ## - GEOGRAPHIC AREA CODE | |
| Geographic area code | a-ja--- |
| 082 04 - DEWEY DECIMAL CLASSIFICATION NUMBER | |
| Edition number | 22 |
| Classification number | 307.33620952135 |
| Item number | BES |
| 100 1# - MAIN ENTRY--PERSONAL NAME | |
| Personal name | Bestor, Theodore C., |
| Relator term | author. |
| 245 10 - TITLE STATEMENT | |
| Title | Neighborhood Tokyo / |
| Statement of responsibility, etc | Theodore C. Bestor. |
| 264 #1 - PUBLICATION, DISTRIBUTION, ETC. (IMPRINT) | |
| Place of publication, distribution, etc | Tokyo : |
| Name of publisher, distributor, etc | Kodansha International, |
| Date of publication, distribution, etc | [1989] |
| 264 #4 - PUBLICATION, DISTRIBUTION, ETC. (IMPRINT) | |
| Date of publication, distribution, etc | c1989 |
| 300 ## - PHYSICAL DESCRIPTION | |
| Extent | xvi, 347 p., [4] p. of plates : |
| Other physical details | illustrations, maps ; |
| Dimensions | 22 cm |
| 336 ## - CONTENT TYPE | |
| Content type term | text |
| Content type code | txt |
| Source | rdacontent |
| 337 ## - MEDIA TYPE | |
| Media type term | unmediated |
| Media type code | n |
| Source | rdamedia |
| 338 ## - CARRIER TYPE | |
| Carrier type term | volume |
| Carrier type code | nc |
| Source | rdacarrier |
| 504 ## - BIBLIOGRAPHY, ETC. NOTE | |
| Bibliography, etc | Includes bibliographical references and index. |
| 506 ## - RESTRICTIONS ON ACCESS NOTE | |
| Terms governing access | Access restricted by licensing agreement. |
| 588 ## - SOURCE OF DESCRIPTION NOTE | |
| Source of description note | Description based on print version. |
| 590 ## - LOCAL NOTE (RLIN) | |
| Local note | Access is available to the Yale community. |
| 650 #7 - SUBJECT ADDED ENTRY--TOPICAL TERM | |
| Topical term or geographic name as entry element | Neighborhoods |
| Geographic subdivision | Japan |
| -- | Tokyo. |
| Source of heading or term | BUEsh |
| 651 #7 - SUBJECT ADDED ENTRY--GEOGRAPHIC NAME | |
| Geographic name | Tokyo (Japan) |
| General subdivision | Social conditions. |
| Source of heading or term | BUEsh |
| 653 ## - INDEX TERM--UNCONTROLLED | |
| Resource For college | Generalities |
| 655 ## - INDEX TERM--GENRE/FORM | |
| Form subdivision | Reading book |
| 730 0# - ADDED ENTRY--UNIFORM TITLE | |
| Uniform title | ACLS Humanities E-Book. |
| 773 0# - HOST ITEM ENTRY | |
| Title | ACLS Humanities E-Book. |
| Note | URL: http://www.humanitiesebook.org/ |
| 776 1# - ADDITIONAL PHYSICAL FORM ENTRY | |
| Qualifying information | Original |
| International Standard Book Number | 0804714398 |
| Record control number | (DLC) 88012383 |
| 856 40 - ELECTRONIC LOCATION AND ACCESS | |
| Link text | Online book |
| Uniform Resource Identifier | <a href="https://yale.idm.oclc.org/login?URL=http://hdl.handle.net/2027/heb.33207">https://yale.idm.oclc.org/login?URL=http://hdl.handle.net/2027/heb.33207</a> |
| 942 ## - ADDED ENTRY ELEMENTS (KOHA) | |
| Source of classification or shelving scheme | Dewey Decimal Classification |
| Koha item type | Book - Borrowing |
| 946 ## - LOCAL PROCESSING INFORMATION (OCLC) | |
| a | DO NOT EDIT. DO NOT EXPORT. |
| Withdrawn status | Lost status | Source of classification or shelving scheme | Damaged status | Not for loan | Collection code | Home library | Current library | Shelving location | Date acquired | Source of acquisition | Total Checkouts | Full call number | Barcode | Date last seen | Price effective from | Koha item type |
|---|---|---|---|---|---|---|---|---|---|---|---|---|---|---|---|---|
| Dewey Decimal Classification | Donation-Gift | Central Library | Central Library | First floor | 21/05/2023 | Donation | 307.33620952135 BES | 000056710 | 15/07/2025 | 21/05/2023 | Book - Borrowing |